| 000 | 00769nam a2200229 i 4500 | ||
|---|---|---|---|
| 001 | 185444 | ||
| 003 | SpMaBN | ||
| 005 | 20250824063059.0 | ||
| 008 | 160603s1961 sp ao |||| | spa d | ||
| 080 | _a39(460.35) | ||
| 100 | 1 |
_aManfredi Cano, Domingo, _d1918-1998 _975997 |
|
| 245 | 1 | 0 |
_aSilueta folklórica de Andalucía / _cDomingo Manfredi Cano. |
| 260 |
_aMadrid : _bPublicaciones Españolas, _c1961. |
||
| 300 |
_a158 p. : _bil., fot. ; _c22 cm. |
||
| 490 | 1 |
_aTemas de España ante el mundo ; _v16 |
|
| 490 | 1 | _aEspaña es así | |
| 651 | 7 |
_aAndalucía- _xUsos y costumbres. _9159768 |
|
| 830 | 0 |
_aTemas de España ante el mundo ; _v16 _9192740 |
|
| 830 | 0 |
_aEspaña es así _9228945 |
|
| 852 |
_aES-MaACL _jL-30329 |
||
| 999 |
_c185444 _d185444 |
||